The nazis: A warning from history: (Record no. 292515)
[ view plain ]
| 000 -LEADER | |
|---|---|
| fixed length control field | 00696nam a2200217Ia 4500 |
| 008 - FIXED-LENGTH DATA ELEMENTS--GENERAL INFORMATION | |
| fixed length control field | 160319s9999 xx 000 0 und d |
| 245 #4 - TITLE STATEMENT | |
| Title | The nazis: A warning from history: |
| 245 ## - TITLE STATEMENT | |
| Remainder of title | Helped into Power / |
| 260 ## - PUBLICATION, DISTRIBUTION, ETC. (IMPRINT) | |
| Name of publisher, distributor, etc | Dolby Digital |
| 260 ## - PUBLICATION, DISTRIBUTION, ETC. (IMPRINT) | |
| Date of publication, distribution, etc | 2004 |
| 300 ## - PHYSICAL DESCRIPTION | |
| Extent | 1 videodisc : |
| 300 ## - PHYSICAL DESCRIPTION | |
| Other physical details | black & white, ill. ; |
| 300 ## - PHYSICAL DESCRIPTION | |
| Dimensions | 4 3/4 in. |
| 440 ## - SERIES STATEMENT/ADDED ENTRY--TITLE | |
| Title | BBC history of World War II. |
| 500 ## - GENERAL NOTE | |
| General note | Two titles in each DVD. |
| 650 ## - SUBJECT ADDED ENTRY--TOPICAL TERM | |
| Topical term or geographic name as entry element | Germany -- Politics and government -- 1933-1945. |
| 650 ## - SUBJECT ADDED ENTRY--TOPICAL TERM | |
| Topical term or geographic name as entry element | National socialism. |
| 650 ## - SUBJECT ADDED ENTRY--TOPICAL TERM | |
| Topical term or geographic name as entry element | Nationalsozialistische Deutsche Arbeiter-Partei -- |
| 650 ## - SUBJECT ADDED ENTRY--TOPICAL TERM | |
| Topical term or geographic name as entry element | Political parties -- Germany -- History -- 20th century. |
| 650 ## - SUBJECT ADDED ENTRY--TOPICAL TERM | |
| General subdivision | History. |
| Withdrawn status | Lost status | Damaged status | Home library | Current library | Date acquired | Total Checkouts | Barcode | Date last seen | Price effective from | Koha item type |
|---|---|---|---|---|---|---|---|---|---|---|
| Stonyhurst Southville International School (Batangas) | Stonyhurst Southville International School (Batangas) | 03/19/2016 | AV-118 | 03/19/2016 | 03/19/2016 | Audio Visual Materials |